<?xml version="1.0" encoding="UTF-8"?>
<collection xmlns:xsi="http://www.w3.org/2001/XMLSchema-instance" xsi:schemaLocation="http://www.loc.gov/MARC21/slim http://www.loc.gov/standards/marcxml/schema/MARC21slim.xsd" xmlns="http://www.loc.gov/MARC21/slim">
 <record>
  <leader>00000cam a22000003i 4500</leader>
  <controlfield tag="001">UP-1685594773862117097</controlfield>
  <controlfield tag="003">Buklod</controlfield>
  <controlfield tag="005">20180208114547.0</controlfield>
  <controlfield tag="006">g||| |     ||   ||</controlfield>
  <controlfield tag="007">ta</controlfield>
  <controlfield tag="008">180208s2012    maua    rb   |000 0|eng d</controlfield>
  <datafield tag="020" ind1=" " ind2=" ">
   <subfield code="a">9781118596876</subfield>
  </datafield>
  <datafield tag="022" ind1=" " ind2=" ">
   <subfield code="a">15208583</subfield>
  </datafield>
  <datafield tag="035" ind1=" " ind2=" ">
   <subfield code="a">(iLib)UPBAG-00026776280</subfield>
  </datafield>
  <datafield tag="037" ind1=" " ind2=" ">
   <subfield code="a">BC-68862</subfield>
   <subfield code="b">Global Int'l Education Link Enterprises Co.</subfield>
   <subfield code="c">Php4,315.00</subfield>
   <subfield code="n">Department of History and Philosophy, CSS</subfield>
  </datafield>
  <datafield tag="040" ind1=" " ind2=" ">
   <subfield code="a">DLC</subfield>
   <subfield code="d">BAG</subfield>
   <subfield code="e">rda</subfield>
  </datafield>
  <datafield tag="041" ind1="0" ind2=" ">
   <subfield code="a">eng</subfield>
  </datafield>
  <datafield tag="090" ind1=" " ind2="0">
   <subfield code="a">BD 418.3</subfield>
   <subfield code="b">P44 2012</subfield>
  </datafield>
  <datafield tag="245" ind1="0" ind2="0">
   <subfield code="a">Philosophy of mind</subfield>
   <subfield code="c">edited by John Hawthorne and Jason Turner.</subfield>
  </datafield>
  <datafield tag="264" ind1=" " ind2="1">
   <subfield code="a">Malden, MA</subfield>
   <subfield code="b">Wiley Periodicals, Inc.</subfield>
   <subfield code="c">[2012]</subfield>
  </datafield>
  <datafield tag="300" ind1=" " ind2=" ">
   <subfield code="a">vi, 446 pages</subfield>
   <subfield code="b">illustrations</subfield>
   <subfield code="c">23 cm</subfield>
  </datafield>
  <datafield tag="490" ind1="0" ind2=" ">
   <subfield code="a">Philosophical perspectives</subfield>
   <subfield code="v">volume 26. 2012</subfield>
  </datafield>
  <datafield tag="504" ind1=" " ind2=" ">
   <subfield code="a">Includes bibliographical references.</subfield>
  </datafield>
  <datafield tag="505" ind1="0" ind2=" ">
   <subfield code="a">The uses and abuses of personal/ subpersonal distinction / Zoe Drayson -- Perception without propositions / Christopher Gauker -- Understanding the internalism-externalism debate: what is the boundary of the thinker / Brie Gertler -- Why and how not to be a sortalist about thought / Rachel Goodman -- Concepts, analysis, generics and the Canberra plan / Mark Johnston and Sarah-Jane Leslie -- What should the naive realist say about total hallucinations? / Heather Logue -- Desire considered as a propositional attitude / William G. Lycan -- Are there mental indexicals and demonstratives / Ruth Garrett Millikan -- Perceptual phenomenology / Bence Nanay -- First person illusions: are they descartes', or Kant's? / Christopher Peacocke -- Attention to the passage of time / Ian Phillips -- Indiscriminality and phenomenal continua / Diana Raffman -- Don't panic: self-authorship without obscure metaphysics / Adina L. Roskies -- The mental lives of zombies / Declan Smithies -- Actions as processes / Hellen Steward -- Introspective knowledge of negative facts / Daniel Stoljar -- Defining and defending nonconceptual contents and states / James Van Cleve -- Belief, information and reasoning / Bruno Whittle.</subfield>
  </datafield>
  <datafield tag="650" ind1=" " ind2="0">
   <subfield code="a">Philosophy of mind.</subfield>
  </datafield>
  <datafield tag="700" ind1="1" ind2=" ">
   <subfield code="a">Hawthorne, John</subfield>
   <subfield code="q">(John P.)</subfield>
   <subfield code="e">editor.</subfield>
  </datafield>
  <datafield tag="700" ind1="1" ind2=" ">
   <subfield code="a">Turner, Jason</subfield>
   <subfield code="e">editor.</subfield>
  </datafield>
  <datafield tag="905" ind1=" " ind2=" ">
   <subfield code="a">FO</subfield>
  </datafield>
  <datafield tag="852" ind1="0" ind2=" ">
   <subfield code="a">UPBAG</subfield>
   <subfield code="b">UPBAG-MAIN</subfield>
   <subfield code="h">BD 418.3 P44 2012</subfield>
  </datafield>
  <datafield tag="942" ind1=" " ind2=" ">
   <subfield code="a">Book</subfield>
  </datafield>
 </record>
</collection>
